000 00370nam a2200133Ia 4500
008 220216s9999 xx 000 0 und d
100 _aRhodes E
245 4 _aThe output of estate sheeting batteries
260 _bRubber Research Institute of Malaya Quarterly Journal
_c1930
300 _a226-238
650 _aSheeting batteries
700 _aBishop R O
942 _cJS
999 _c70890
_d70890